000 00664nam a22000977a 4500
008 161128b xxu||||| |||| 00| 0 eng d
100 _aHessler, Gene
245 _aThe international engraver's line :
_bpaper money and postage stamp engravers and their work from the 1700s to the Euro
260 _aCincinnati
_bG. Hessler
_c2005
650 _aEngravers | Artists and Designers | Production -- Engraving | Designs | Essays and Proofs | Biographies | Numismatics | Bank Notes | Paper Money | Postal Issues | Postage Stamps | Dictionaries and Encyclopedias | History | Bibliographies | World | 18th Century | 19th Century | 20th Century | 21st Century | Collectors | Collecting
999 _c2136
_d2136